EG eco development (Record no. 77353)

MARC details
000 -LEADER
fixed length control field 01041cab a2200217 4500
001 - CONTROL NUMBER
control field ##L134070
008 - FIXED-LENGTH DATA ELEMENTS--GENERAL INFORMATION
fixed length control field 060706n2006 000 0 eng u
035 ## - SYSTEM CONTROL NUMBER
System control number (Sirsi) u134070
041 0# - LANGUAGE CODE
Language code of text/sound track or separate title eng
100 1# - MAIN ENTRY--PERSONAL NAME
Personal name Kivlehan, Noella Pio
245 00 - TITLE STATEMENT
Title EG eco development
260 ## - PUBLICATION, DISTRIBUTION, ETC.
Date of publication, distribution, etc. 2006
490 #0 - SERIES STATEMENT
Series statement Estates Gazette
Volume/sequential designation (0626) 1 July 2006, 99-109(8)
520 ## - SUMMARY, ETC.
Summary, etc. Reports an interview with the UK government advisor on sustainable development, Sir Crispin Tickell, on how the property industry must change to meet the serious environmental challenges; a case study of a successful eco-friendly housing development in Northamptonshire, which has created homes that meet BRE's EcoHomes top-level criteria; and a brief review of eco requirements in planning policy and energy efficiency policy from the legal perspective.
590 ## - LOCAL NOTE (RLIN)
Local note IKA180706
690 ## - LOCAL SUBJECT ADDED ENTRY--TOPICAL TERM (OCLC, RLIN)
Topical term or geographic name as entry element ENVIRONMENTAL AND LAND CONSULTANCY-SUSTAINABILITY-SUSTAINABLE DEVELOPMENT
700 1# - ADDED ENTRY--PERSONAL NAME
Personal name Greenshields, Claire
700 1# - ADDED ENTRY--PERSONAL NAME
Personal name Boswall, Julian
700 1# - ADDED ENTRY--PERSONAL NAME
Personal name Gordon, Dave
942 ## - ADDED ENTRY ELEMENTS (KOHA)
Suppress in OPAC 0
Holdings
Withdrawn status Lost status Source of classification or shelving scheme Damaged status Not for loan Home library Current library Shelving location Date acquired Total Checkouts Full call number Barcode Date last seen Copy number Price effective from Koha item type
    Dewey Decimal Classification     London London Journal article 06/07/2006   L134070 134070-1001 06/08/2019 1 06/08/2019 Journal article